| 000 | 02781nam0a2200493 4500 | ||
|---|---|---|---|
| 001 | RU\NLR\BIBL_A\011988217 | ||
| 005 | 20250809113131.0 | ||
| 020 |
_aRU _9Ленинград в Великой Отечественной войне. Коллекция. Афиши |
||
| 035 | _a(NLR Aleph) 011988217 | ||
| 090 |
_a10526 _c10526 |
||
| 100 | _a20190412d1944 u y0rusy50 ca | ||
| 101 | 0 | _arus | |
| 102 | _aRU | ||
| 105 | _ay z 000zy | ||
| 135 | _acrcn 024anaba | ||
| 200 | 1 |
_aС 15 февраля новая программа. Ленинградский цирк _eподробности в афишах _e[афиша] _fУправление по делам искусств Исполкома Ленгорсовета, Театральный зал Малого Оперного Театра |
|
| 210 |
_a[Ленинград] _cЛТ УН-9 _d[1944] |
||
| 215 |
_a1 л. _d34х72 |
||
| 300 | _aНачало утрен. спектакл. в 12 ч., вечерн. - в 19 ч. Билеты продаются в кассе Малого Оперного Театра, в кассе театра "Комедия". Касса открыта с 11 ч. до 2 часов | ||
| 300 | _aЗак. 283 | ||
| 316 |
_aАфиша в правом нижнем углу порвана и заклеена _5NLR |
||
| 325 | _aКопия доступна в Электрон. б-ке РНБ | ||
| 517 | 1 | _aЛенинградский цирк | |
| 606 | 1 |
_aТеатральная жизнь _yЛенинград, город _z1941 - 1944 _jАфиши _2nlr_sh2 _3RU\NLR\AUTH\6601649837 |
|
| 686 | _aЩ333(2Р=Рус)7-692Ленинград | ||
| 710 | 0 | 2 |
_aЛенинградский цирк _3RU\NLR\AUTH\880358698 |
| 712 | 0 | 2 |
_aЛенинградский малый театр оперы и балета _3RU\NLR\AUTH\889923401 _4570 |
| 852 |
_aNLR _jЛ3-330а/11-1/3/1944-февр.(2) |
||
| 856 | 0 | _uhttp://vivaldi.nlr.ru/la700000373/view | |
| 856 | 1 | _uhttp://vivaldi.nlr.ru/la700000373/cover | |
| 856 | 2 | _uhttp://vivaldi.nlr.ru/la700000373/text | |
| 942 | _cVISUAL | ||
| 945 | _aРоссийская национальная библиотека | ||
| 980 | _aNB | ||
| 980 | _aBV | ||
| 980 | 3 | _akplen | |
| 980 | 3 | _akp | |
| 981 | 3 | 7 |
_a(37) Ленинград в Великой Отечественной войне _b(37) Афиши блокадного Ленинграда |